00557nam a22001812 4500001001100000005001700011008004100028020001700069040001500086050002100101100003100122245005100153250001200204260005300216300005500269500002000324650003100344000000445120151217154348.0070523s xx 000 0 eng d a0137463146 : aKABUcKABU 0aQA273b.R67 19971 aRoss, Sheldon.@000015502112aA First course in probability /cSheldon Ross. a5th ed. aUpper Saddle River, NJ :bPrentice Hall,cc1997. axiv, 514 p. ;c25 cm. +e1 computer disk (3.5 in.) aIncludes index. 0aProbabilities.@0000154769